| 000 | 01209 a2200313 4500 | ||
|---|---|---|---|
| 999 |
_c200130591 _d34976 |
||
| 001 | 200130591 | ||
| 003 | TR-AnTOB | ||
| 005 | 20191010112429.0 | ||
| 008 | 161129b tu n0 0 0 | ||
| 022 | _a21471592 | ||
| 022 | _a13001458 | ||
| 040 |
_aTEBT _cTR-AnTOB |
||
| 041 | _atur | ||
| 099 | _aJOURNAL - CUMH | ||
| 222 | 0 | _aCumhuriyet tarihi araştırmaları dergisi. | |
| 245 | 1 | 0 |
_aCumhuriyet tarihi araştırmaları dergisi. _bJournal of modern Turkish history studies |
| 246 | 3 | _aHacettepe Üniversitesi Cumhuriyet tarihi araştırmaları dergisi | |
| 246 | 3 | _aJournal of modern Turkish history studies | |
| 260 |
_aAnkara;: _bHacettepe Üniversitesi Atatürk İlkeleri ve İnkılap Tarihi Enstitüsü |
||
| 300 |
_av. ; _bşkl. _c24 cm. |
||
| 310 |
_aYılda iki sayı, _bBahar 2005- |
||
| 362 | _aYıl 1, sayı 1, (Bahar 2005)- | ||
| 500 | _aDerginin 2009 yılından itibaren sayılarına, "ait.hacettepe.edu.tr" adresinden erişilebilmektedir. | ||
| 651 | 0 |
_aTurkey _xHistory _vPeriodicals _97865 |
|
| 651 |
_aTürkiye _xTarih _vSüreli yayınlar _934 |
||
| 710 |
_aHacettepe Üniversitesi. _bAtatürk İlkeleri ve İnkılâp Tarihi Enstitüsü _941022 |
||
| 942 |
_cCR _2lcc |
||